| 000 | 00000nam 2200000zi 4500 |
| 001 | 9.890946 |
| 003 | CaOODSP |
| 005 | 20251124105725 |
| 006 | m o d f |
| 007 | cr mn||||||||| |
| 008 | 200827t20202020qucab ob f000 0 fre d |
| 020 | |a9780660359069 |
| 040 | |aCaOODSP|bfre|erda|cCaOODSP |
| 043 | |an-cn-qu |
| 045 | |ay1y1 |
| 086 | 1 |aEn154-53/2020F-PDF |
| 245 | 00|aPortrait global de l'état du Saint-Laurent 2019. |
| 264 | 1|a[Québec] : |bPlan d'action Saint-Laurent 2011-2026, |c2020. |
| 264 | 4|c©2020 |
| 300 | |a1 ressource en ligne (vi, 57 pages, 3 pages non numérotées) : |billustrations en couleur, cartes en couleur |
| 336 | |atexte|btxt|2rdacontent/fre |
| 337 | |ainformatique|bc|2rdamedia/fre |
| 338 | |aressource en ligne|bcr|2rdacarrier/fre |
| 500 | |aPublié aussi en anglais sous le titre : Overview of the state of the St. Lawrence 2019. |
| 500 | |aComprend des références bibliographiques. |
| 520 | |a« Mis à jour tous les cinq ans par le groupe de travail Suivi de l'état du Saint-Laurent, le Portrait global de l'état du Saint-Laurent permet d'établir un diagnostic quant à l'état du fleuve. Pour ce faire, les partenaires analysent, à intervalles réguliers, une vingtaine d'indicateurs environnementaux portant sur l'eau, les sédiments, les ressources biologiques, les rives et les usages du Saint-Laurent. Les résultats permettent d'évaluer l'état de l'écosystème et d'orienter la prise de décisions afin d'assurer la conservation et la pérennité du Saint-Laurent. Le Portrait global traite aussi des enjeux environnementaux émergents du fleuve : la surcharge en nutriments au lac Saint-Pierre, l'acidification des eaux du golfe du et les impacts des changements climatiques sur les tributaires du fleuve » -- Fourni par l'éditeur. |
| 650 | 6|aEnvironnement|xSurveillance|zSaint-Laurent (Fleuve) |
| 650 | 6|aIndicateurs écologiques|zSaint-Laurent (Fleuve) |
| 650 | 6|aÉcosystèmes|xSanté|zSaint-Laurent (Fleuve) |
| 710 | 2 |aPlan d'action Saint-Laurent 2011-2026 (Canada), |eorganisme de publication. |
| 710 | 2 |aGroupe de travail suivi de l'état du Saint-Laurent (Canada), |eorganisme de publication. |
| 775 | 08|tOverview of the state of the St. Lawrence 2019.|w(CaOODSP)9.890944 |
| 794 | |tPortrait global de l'état du Saint-Laurent 2024.|w(CaOODSP)9.932655 |
| 795 | |tPortrait global de l'état du Saint-Laurent 2014 |w(CaOODSP)9.677313 |
| 856 | 40|qPDF|s4.92 Mo|uhttps://publications.gc.ca/collections/collection_2021/eccc/En154-53-2020-fra.pdf |